Tuyển tập Hoàng Trung Thông /

में बचाया:
ग्रंथसूची विवरण
मुख्य लेखक: Hoàng Trung Thông
स्वरूप: Sách giấy
भाषा:Vietnamese
प्रकाशित: Hà Nội : Văn học, 1997
विषय:
टैग : टैग जोड़ें
कोई टैग नहीं, इस रिकॉर्ड को टैग करने वाले पहले व्यक्ति बनें!
Thư viện lưu trữ: Thư viện Trường Đại học Đà Lạt
LEADER 00695nam a2200277 4500
001 DLU020010618
005 ##11/29/1999
041 # # |a vie 
082 # # |a 895.922 1  |b HO-T 
090 # # |a 895.922 1  |b HO-T 
100 # # |a Hoàng Trung Thông 
245 # # |a Tuyển tập Hoàng Trung Thông /  |c Hoàng Trung Thông 
260 # # |a Hà Nội :  |b Văn học,  |c 1997 
300 # # |a 376 tr.;   |c 19 cm. 
653 # # |a Hoàng Trung Thông, 1925-1993 
653 # # |a Nhà thơ Việt Nam 
653 # # |a Tuyển tập thơ 
992 # # |a 30000 
994 # # |a DLU 
900 # # |a False 
911 # # |a Administrator 
925 # # |a G 
926 # # |a A 
927 # # |a SH 
980 # # |a Thư viện Trường Đại học Đà Lạt